|
|
|
|
| LEADER |
01766nam a2200325 a 4500 |
| 001 |
13559483 |
| 008 |
100301s2006 ohua b 001 0 eng d |
| 010 |
|
|
|a 2004105697
|
| 020 |
|
|
|a 0324225024
|
| 020 |
|
|
|a 0324258755 (hbk. : pkg.)
|
| 020 |
|
|
|a 0324232780 (book only)
|
| 040 |
|
|
|a DLC
|c DLC
|d DB-DhAAL
|
| 082 |
0 |
0 |
|a 658.15
|2 22
|
| 100 |
1 |
|
|a Besley, Scott.
|
| 245 |
1 |
0 |
|a Essentials of managerial finance /
|c Scott Besley, Eugene F. Brigham.
|
| 250 |
|
|
|a 13 ed.
|
| 260 |
|
|
|a Mason, OH :
|b Thomson South-Western,
|c c2006.
|
| 300 |
|
|
|a xxiv, 808 p. :
|b ill. ;
|c 27 cm.
|
| 504 |
|
|
|a Includes bibliographical references and index.
|
| 541 |
1 |
|
|e 00016103
|
| 650 |
|
0 |
|a Corporations
|x Finance.
|
| 700 |
1 |
|
|a Brigham, Eugene F.,
|d 1930-
|
| 852 |
4 |
|
|a Ayesha Abed Library
|j General Shelf.
|
| 942 |
0 |
0 |
|0 9
|
| 999 |
|
|
|c 7682
|d 7682
|
| 952 |
|
|
|0 0
|1 4
|2 ddc
|4 1
|6 658_150000000000000_BES
|7 0
|9 8414
|a BRACUL
|b BRACUL
|c SPS
|d 2010-03-01
|l 19
|m 123
|o 658.15 BES
|p 3010016103
|r 2017-12-06
|s 2017-05-14
|t 1
|w 2010-03-01
|y BK
|x Koha Inventory 2020
|
| 952 |
|
|
|0 0
|1 4
|2 ddc
|4 1
|6 658_150000000000000_BES
|7 0
|9 16188
|a BRACUL
|b BRACUL
|c SPS
|d 2011-04-24
|l 13
|m 139
|o 658.15 BES
|p 3010016104
|r 2018-04-03
|s 2018-04-02
|t 2
|w 2011-04-24
|y BK
|x Koha Inventory 2020
|
| 952 |
|
|
|0 0
|1 0
|2 ddc
|4 0
|6 658_150000000000000_BES_2006
|7 0
|9 18030
|a BRACUL
|b BRACUL
|c GEN
|d 2011-09-18
|l 29
|m 273
|o 658.15 BES
|p 3010016106
|r 2026-02-23
|s 2025-10-15
|t 3
|w 2011-09-18
|y BK
|
| 952 |
|
|
|0 0
|1 4
|2 ddc
|4 1
|6 658_150000000000000_BES
|7 0
|9 18031
|a BRACUL
|b BRACUL
|c SPS
|d 2011-09-18
|l 23
|m 119
|o 658.15 BES
|p 3010016105
|r 2018-01-09
|s 2017-09-14
|t 4
|w 2011-09-18
|y BK
|x Koha Inventory 2020
|
| 952 |
|
|
|0 0
|1 4
|2 ddc
|4 1
|6 658_150000000000000_BES
|7 0
|9 18032
|a BRACUL
|b BRACUL
|c SPS
|d 2011-09-18
|l 21
|m 138
|o 658.15 BES
|p 3010016107
|r 2017-12-17
|s 2017-11-01
|t 5
|w 2011-09-18
|y BK
|x Koha Inventory 2020
|